000 00758nam a2200193 a 4500
001 000015844
005 20200929164155.0
008 100219s1989 es a 001 0 spa d
040 _aDO-SdBNP
_bspa
_cBNPHU
082 _a338.187293
_bC737e
245 0 0 _aCompendio de estudios sobre políticas agropecuarias en República Dominicana, 1985 - 1988.
260 _aSanto Domingo :
_bConsejo Nacional de Agricultura,
_c1989.
300 _a2v. :
_bil. ;
_c23 cm.
590 _aInventariado,2018/DG
650 4 _aAgricultura
_xAspectos económicos
_zRepública Dominicana
_91508
650 4 _aAgricultura y estado
_zRepública Dominicana
_99297
710 1 2 _aConsejo Nacional de Agricultura (República Dominicana)
_935655
910 _aValidado. Control de calidad MFF
999 _c15388
_d15388